[Event "Chigorin Memorial 22nd"]
[Site "St Petersburg"]
[Date "2014.10.19"]
[Round "2"]
[White "Bodnaruk, Svyatoslav"]
[Black "Svidinsky, Dmitry"]
[Result "1/2-1/2"]
[WhiteElo "1633"]
[BlackElo "2039"]
[PlyCount "75"]
[EventDate "2014.10.18"]
[EventType "swiss"]
[EventRounds "9"]
[EventCountry "RUS"]
[SourceTitle "EXT 2015"]
[Source "ChessBase"]
[SourceDate "2014.11.20"]
[SourceVersion "1"]
[SourceVersionDate "2014.11.20"]
[SourceQuality "1"]

1. e4 c6 2. d4 d5 3. e5 Bf5 4. Nc3 e6 5. h3 Nd7 6. Be3 Ne7 7. Qd2 a6 8. f4 Qa5 9. Rb1 Qc7 10. Nf3 Bg6 11. Bd3 Bxd3 12. cxd3 Nf5 13. Bf2 c5 14. Rc1 Qa5 15. 0-0 cxd4 16. Nxd4 Nxd4 17. Bxd4 Bc5 18. Bxc5 Qxc5+ 19. d4 Qb4 20. a3 Qb3 21. Rf3 0-0 22. Rg3 Rac8 23. Rf1 f5 24. exf6 Nxf6 25. f5 Qb6 26. Qh6 Rc7 27. Kh1 exf5 28. Rxf5 Qxd4 29. Nxd5 Nxd5 30. Qe6+ Rcf7 31. Rxd5 Qf6 32. Qxf6 Rxf6 33. Rd7 R8f7 34. Rd8+ Rf8 35. Rd7 R8f7 36. Rd8+ Rf8 37. Rd7 R8f7 38. Rd8+ 1/2-1/2